Statistiche per Territori d'oltremare francesi

Clicka qui per fare il quiz!

Statistiche generali

  • Questo quiz è stato fatto 53 volte
  • Il punteggio medio è 7 su 13

Statistiche sulle risposte

HintRisposta% Corretto
AmericaMartinica
77%
AmericaGuyana Francese
69%
OceaniaPolinesia/Polinesia francese
69%
AfricaReunion/Riunione
69%
AmericaGuadalupa
66%
OceaniaNuova Caledonia
66%
AfricaMayotte
63%
AmericaSaint Martin
63%
AmericaSaint Pierre e Miquelon/Saint Pierre
60%
OceaniaWallis e Futuna
49%
AmericaSaint Barthelemy
43%
AmericaClipperton
20%
Africa/AntartideTerre australi e antartiche francesi
17%

Distribuzione punteggi

Percentile per numero di risposta

Percentuale di utenti per punteggio

I tuoi punteggi nel tempo

Non hai fatto questo quiz